Eurovision Song Lyrics - Finland - Statistics

General Stats
  • This quiz has been taken 94 times
  • The average score is 225 of 334
Answer Stats
Answer % Correct
I
95%
no
84%
(No
84%
No
84%
the
84%
is
81%
Is
81%
My
80%
my
80%
me
79%
me)
79%
live
75%
live,
75%
rule
75%
on)
74%
be
73%
how
73%
rules
73%
rules)
73%
to
72%
am?
71%
am
71%
And
71%
and
71%
so
71%
wind
71%
there
69%
by
68%
what
68%
you
68%
with
67%
It's
66%
life
66%
one
66%
some
66%
wrong
66%
do
65%
something
65%
way
65%
who
65%
look?
64%
name
64%
only
64%
Windows,
64%
wings
64%
go)
62%
see
62%
fly
61%
In
61%
in
61%
not
61%
This
61%
Windows95man
61%
beneath
60%
learn
59%
find
58%
if
58%
If
58%
I'm
58%
night,
58%
care,
56%
care
56%
don't
56%
or
56%
right
56%
slay
56%
why
56%
of
55%
say
55%
time,
55%
beautiful
53%
tell
53%
tonight
53%
what's
53%
alright,
52%
Call
51%
even
49%
fight
49%
Silence,
49%
feel
48%
heat
48%
all
47%
free
47%
stage
45%
Forget
44%
king,
44%
gonna
42%
queen
42%
may,
41%
Welcome
41%
your
41%
as
40%
(Come
39%
thrill
39%
(Let's
38%
let's
38%
scream
36%
speak
35%
(Make
31%
noise,
27%
body)
26%
(Move
26%
Quiet
26%
ruleѕ
0%
whаt's
0%
No matching quizzes found
Score Distribution
Percent of People with Each Score
Percentile by Number Answered
Your Score History
You have not taken this quiz